| 000 | 01939nam a2200433 c 4500 | ||
|---|---|---|---|
| 003 | BLK | ||
| 005 | 20250606162704.0 | ||
| 008 | 180408b bul|||||r ||||||| ||bul|| | ||
| 010 | _aKNG00037676000 | ||
| 020 |
_a954-446-523-5 _bиздат.: Егмонт България |
||
| 040 | _aBLK | ||
| 041 |
_aBUL _cBUL |
||
| 080 |
_aПредистория. Предист. паметници на материалната култура и тяхната интерпретация - оръдия на труда, оръжия, култови предмети, мегалити, пещерни и накол _b903 _x _z903 |
||
| 100 | 1 |
_aДиъри, Тери _eпърви автор _9273538 |
|
| 700 | 1 |
_aБраун, Мартин _eил. _9273539 |
|
| 700 |
_aЧернева, Юлия Недкова _d1955- _9365526 |
||
| 139 |
_aДиъри, Тери _bД 64 |
||
| 245 | 1 | 0 |
_aПещерната ера _bКн. за деца _cТери Диъри; прев. Юлия Чернева; ил. Мартин Браун. |
| 257 | _aGBR | ||
| 260 |
_аСофия _bЕгмонт България _c2001 _fСофия : Балкан прес АД |
||
| 300 |
_a128 с. _bс ил. _c20 см |
||
| 380 | _aDN | ||
| 490 | 1 | _aСтраховитото в историята | |
| 500 | _aОриг. загл. The Savage Stone Age / Terry Deary. - Офс. изд. | ||
| 650 | 4 |
_aПървобитно общество _9264537 |
|
| 650 | 4 |
_aЧовек, първобитен _9264536 |
|
| 653 | _aпървобитно общество | ||
| 653 | _aпървобитен човек | ||
| 653 | _aистория | ||
| 653 | _aпраистория | ||
| 653 | _aлитература за деца | ||
| 653 | _aдетска литература | ||
| 852 | _aЦб 209674 | ||
| 856 | 4 |
_qpdf _u |
|
| 856 | 4 |
_qpdf _u |
|
| 942 |
_cKNG _n0 _05 |
||
| 944 |
_aCR _c15.01.2003 _k30564 _lАнна Гръцманова |
||
| 944 |
_aED _c07.10.2016 _kВиолета_Тройчева |
||
| 999 |
_c34964 _d34964 |
||